Estadísticas para Prueba de la República Checa

Haz click aquí para tomar la prueba!

Estadísticas generales

  • Esta prueba ha sido tomada 243 veces
  • La puntuación promedio es 14 de 21

Estadísticas de respuestas

PistaRespuesta% Correcto
CapitalPraga
99%
Países limítrofesAlemania
97%
Países limítrofesAustria
97%
Países limítrofesPolonia
96%
Países limítrofesEslovaquia
95%
El país fue parte de hasta 1993Checoslovaquia
90%
Versión corta del nombre del paísChequia
86%
País que invadió la República Checa en 1968Unión Soviética
77%
Autor de libros perturbadores como "La Metamorfosis"Franz Kafka
76%
La región más grande (comienza con B)Bohemia
68%
Ciudad que es famosa por su cerveza (comienza con P)Pilsen
67%
Grupo étnico que incluye a checos, polacos y serbiosEslavos
66%
El mayor fabricante de automóvilesŠkoda Auto
58%
Imperio del que la República Checa formó parte, 1002-1806Sacro Imperio
Romano Germánico
57%
El famoso puente de esa ciudadPuente Carlos
56%
MonedaCorona
56%
El deporte más popular (aparte del fútbol)Hockey sobre hielo
48%
El antropomorfo pero tonto monstruo de arcilla del folclore judíoGolem
43%
El río que nace en las Montañas de Krkonoše y entra en el Mar del Norte en AlemaniaElba
39%
Acto de tirar a alguien por una ventana. Famosamente sucedió en 1419 y 1618.Defenestración
34%
Escritor que fue presidente de 1993 a 2003Václav Havel
29%

Distribución de puntuación

Porcentaje por número respondido

Porcentaje de gente con cada puntuación

Historial de tus puntuaciones

No has tomado esta prueba